[Event "Russian Rapid Team Championship (w)"]
[Site "Sochi"]
[Date "2022.10.19"]
[Round "9.5"]
[White "Nur-Mukhametova, Alisa"]
[Black "Pogonina, Natalija"]
[Result "0-1"]
[BlackElo "2466"]
[WhiteElo "2052"]
[LiveChessVersion "1.4.8"]

1. d4 {[%clk 0:15:18]} Nf6 {[%clk 0:15:18]} 2. c4 {[%clk 0:15:26]} e6
{[%clk 0:15:25]} 3. Nf3 {[%clk 0:15:32]} d5 {[%clk 0:15:32]} 4. g3
{[%clk 0:15:24]} Bb4+ {[%clk 0:15:33]} 5. Bd2 {[%clk 0:14:44]} Be7
{[%clk 0:15:39]} 6. Bg2 {[%clk 0:14:51]} O-O {[%clk 0:15:44]} 7. O-O
{[%clk 0:14:58]} Nbd7 {[%clk 0:15:47]} 8. Qc2 {[%clk 0:15:03]} c6
{[%clk 0:15:53]} 9. Rd1 {[%clk 0:15:03]} a5 {[%clk 0:15:43]} 10. Bf4
{[%clk 0:14:59]} h6 {[%clk 0:15:39]} 11. Nc3 {[%clk 0:14:06]} dxc4
{[%clk 0:14:52]} 12. Ne5 {[%clk 0:13:50]} Nxe5 {[%clk 0:10:18]} 13. dxe5
{[%clk 0:13:38]} Nd5 {[%clk 0:10:23]} 14. Qc1 {[%clk 0:07:41]} Bd7
{[%clk 0:08:27]} 15. Bxh6 {[%clk 0:06:06]} gxh6 {[%clk 0:08:04]} 16. Qxh6
{[%clk 0:05:57]} f5 {[%clk 0:03:33]} 17. e4 {[%clk 0:03:20]} Nxc3
{[%clk 0:03:26]} 18. bxc3 {[%clk 0:02:43]} Qe8 {[%clk 0:02:44]} 19. exf5
{[%clk 0:01:56]} exf5 {[%clk 0:01:52]} 20. Bf3 {[%clk 0:00:48]} Bc5
{[%clk 0:01:05]} 21. Qg5+ {[%clk 0:00:50]} Kh7 {[%clk 0:00:37]} 22. Qh4+
{[%clk 0:00:43]} Kg7 {[%clk 0:00:40]} 23. Qg5+ {[%clk 0:00:24]} Kh7
{[%clk 0:00:48]} 24. Qh4+ {[%clk 0:00:33]} Kg7 {[%clk 0:00:57]} 25. Qxc4
{[%clk 0:00:29]} b6 {[%clk 0:00:53]} 26. Qh4 {[%clk 0:00:26]} Be6
{[%clk 0:00:52]} 27. Bh5 {[%clk 0:00:12]} Qe7 {[%clk 0:00:54]} 28. Qf4
{[%clk 0:00:15]} Rad8 {[%clk 0:00:58]} 29. Bf3 {[%clk 0:00:17]} Rxd1+
{[%clk 0:00:43]} 30. Rxd1 {[%clk 0:00:25]} Rd8 {[%clk 0:00:52]} 31. Re1
{[%clk 0:00:12]} Qf8 {[%clk 0:00:19]} 32. Qg5+ {[%clk 0:00:17]} Kh7
{[%clk 0:00:25]} 33. Qh4+ {[%clk 0:00:15]} Kg7 {[%clk 0:00:33]} 34. Qg5+
{[%clk 0:00:24]} Kh7 {[%clk 0:00:42]} 35. Bh5 {[%clk 0:00:17]} Qe7
{[%clk 0:00:27]} 36. Qg6+ {[%clk 0:00:17]} Kh8 {[%clk 0:00:36]} 37. Qh6+
{[%clk 0:00:16]} Kg8 {[%clk 0:00:44]} 38. Qg6+ {[%clk 0:00:25]} Kh8
{[%clk 0:00:53]} 39. Qh6+ {[%clk 0:00:21]} Kg8 {[%clk 0:01:02]} 40. Qg6+
{[%clk 0:00:12]} Kh8 {[%clk 0:01:11]} 41. h4 {[%clk 0:00:13]} Bg8
{[%clk 0:00:36]} 42. e6 {[%clk 0:00:12]} Bh7 {[%clk 0:00:40]} 43. Qh6
{[%clk 0:00:15]} Rg8 {[%clk 0:00:39]} 44. Qf4 {[%clk 0:00:15]} Qf6
{[%clk 0:00:43]} 45. Bf7 {[%clk 0:00:15]} Rg4 {[%clk 0:00:44]} 46. Qb8+
{[%clk 0:00:16]} Kg7 {[%clk 0:00:48]} 47. Bh5 {[%clk 0:00:12]} Re4
{[%clk 0:00:46]} 48. Rd1 {[%clk 0:00:11]} Rxe6 {[%clk 0:00:48]} 49. Qc7+
{[%clk 0:00:13]} Re7 {[%clk 0:00:52]} 50. Qf4 {[%clk 0:00:15]} Qh6
{[%clk 0:00:50]} 51. Qf3 {[%clk 0:00:13]} Bg6 {[%clk 0:00:43]} 52. Bxg6
{[%clk 0:00:16]} Qxg6 {[%clk 0:00:52]} 53. Rd8 {[%clk 0:00:17]} Qg4
{[%clk 0:00:38]} 54. Kg2 {[%clk 0:00:11]} Qxf3+ {[%clk 0:00:35]} 55. Kxf3
{[%clk 0:00:20]} Re4 {[%clk 0:00:41]} 56. Rc8 {[%clk 0:00:18]} Rc4
{[%clk 0:00:43]} 57. Rc7+ {[%clk 0:00:16]} Kf6 {[%clk 0:00:51]} 58. Rxc6+
{[%clk 0:00:24]} Ke5 {[%clk 0:01:00]} 59. Rc8 {[%clk 0:00:18]} Rxc3+
{[%clk 0:01:07]} 60. Kg2 {[%clk 0:00:26]} Rc2 {[%clk 0:01:15]} 61. Rc6
{[%clk 0:00:14]} Rxa2 {[%clk 0:01:17]} 62. h5 {[%clk 0:00:23]} Rxf2+
{[%clk 0:01:24]} 63. Kh3 {[%clk 0:00:32]} f4 {[%clk 0:00:46]} 64. g4
{[%clk 0:00:13]} f3 {[%clk 0:00:43]} 65. h6 {[%clk 0:00:15]} Rf1 {[%clk 0:00:50]}
66. Kg3 {[%clk 0:00:13]} f2 {[%clk 0:00:51]} 0-1

[Event "Russian Rapid Team Championship (w)"]
[Site "Sochi"]
[Date "2022.10.19"]
[Round "9.6"]
[White "Girya, Olga"]
[Black "Yakimova, Mariya"]
[Result "1-0"]
[BlackElo "2134"]
[WhiteElo "2298"]
[LiveChessVersion "1.4.8"]

1. d4 {[%clk 0:15:19]} Nf6 {[%clk 0:15:18]} 2. Nf3 {[%clk 0:15:28]} g6
{[%clk 0:15:26]} 3. Bg5 {[%clk 0:15:37]} Bg7 {[%clk 0:15:34]} 4. Nbd2
{[%clk 0:15:46]} d5 {[%clk 0:15:43]} 5. e3 {[%clk 0:15:55]} O-O {[%clk 0:15:45]}
6. Be2 {[%clk 0:15:58]} b6 {[%clk 0:15:32]} 7. O-O {[%clk 0:16:04]} c5
{[%clk 0:15:23]} 8. c3 {[%clk 0:16:14]} Nc6 {[%clk 0:15:07]} 9. h3
{[%clk 0:14:31]} Bb7 {[%clk 0:14:57]} 10. Qb3 {[%clk 0:13:34]} Re8
{[%clk 0:11:30]} 11. dxc5 {[%clk 0:13:04]} Na5 {[%clk 0:07:56]} 12. Qa3
{[%clk 0:13:13]} e5 {[%clk 0:06:44]} 13. b4 {[%clk 0:13:02]} Nc4 {[%clk 0:05:21]}
14. Nxc4 {[%clk 0:13:10]} dxc4 {[%clk 0:05:26]} 15. Bxc4 {[%clk 0:08:34]} bxc5
{[%clk 0:04:43]} 16. bxc5 {[%clk 0:04:42]} h6 {[%clk 0:02:36]} 17. Bxf6
{[%clk 0:03:51]} Bxf6 {[%clk 0:02:42]} 18. Rfd1 {[%clk 0:03:26]} Qc7
{[%clk 0:02:48]} 19. Bd5 {[%clk 0:03:21]} Kg7 {[%clk 0:01:20]} 20. Rab1
{[%clk 0:02:56]} Bxd5 {[%clk 0:01:25]} 21. Rxd5 {[%clk 0:03:05]} Rac8
{[%clk 0:01:00]} 22. Rbd1 {[%clk 0:02:45]} Re7 {[%clk 0:00:42]} 23. Qa4
{[%clk 0:02:29]} e4 {[%clk 0:00:32]} 24. Nd2 {[%clk 0:02:19]} Rce8
{[%clk 0:00:19]} 25. Nb3 {[%clk 0:02:05]} Bxc3 {[%clk 0:00:17]} 26. Rd7
{[%clk 0:02:13]} Qb8 {[%clk 0:00:18]} 27. c6 {[%clk 0:02:13]} Be5
{[%clk 0:00:22]} 28. Qc4 {[%clk 0:02:05]} Qc8 {[%clk 0:00:16]} 29. g3
{[%clk 0:01:23]} h5 {[%clk 0:00:25]} 30. h4 {[%clk 0:01:31]} Qb8 {[%clk 0:00:13]}
31. Rxe7 {[%clk 0:01:33]} Rxe7 {[%clk 0:00:22]} 32. Rd7 {[%clk 0:01:22]} Rxd7
{[%clk 0:00:23]} 33. cxd7 {[%clk 0:01:30]} Bxg3 {[%clk 0:00:30]} 34. Qd4+
{[%clk 0:01:37]} Kh7 {[%clk 0:00:26]} 35. d8=Q {[%clk 0:01:44]} Bxf2+
{[%clk 0:00:34]} 36. Kf1 {[%clk 0:01:36]} Qb5+ {[%clk 0:00:26]} 37. Kxf2
{[%clk 0:01:45]} Qf5+ {[%clk 0:00:35]} 38. Ke1 {[%clk 0:01:54]} 1-0

[Event "Russian Rapid Team Championship (w)"]
[Site "Sochi"]
[Date "2022.10.19"]
[Round "9.7"]
[White "Shafigullina, Zarina"]
[Black "Garifullina, Leya"]
[Result "1/2-1/2"]
[BlackElo "2273"]
[WhiteElo "2143"]
[LiveChessVersion "1.4.8"]

1. d4 {[%clk 0:15:18]} Nf6 {[%clk 0:15:11]} 2. Nf3 {[%clk 0:15:23]} d5
{[%clk 0:15:18]} 3. g3 {[%clk 0:15:31]} e6 {[%clk 0:15:27]} 4. Bg2
{[%clk 0:15:37]} b5 {[%clk 0:15:28]} 5. O-O {[%clk 0:15:43]} Be7 {[%clk 0:15:34]}
6. Qd3 {[%clk 0:15:52]} a6 {[%clk 0:14:26]} 7. a4 {[%clk 0:16:00]} b4
{[%clk 0:14:34]} 8. c4 {[%clk 0:16:08]} bxc3 {[%clk 0:14:42]} 9. bxc3
{[%clk 0:16:17]} a5 {[%clk 0:14:44]} 10. c4 {[%clk 0:15:36]} Ba6 {[%clk 0:14:43]}
11. Ne5 {[%clk 0:15:44]} O-O {[%clk 0:14:50]} 12. Nd2 {[%clk 0:14:54]} Nfd7
{[%clk 0:14:02]} 13. Qb3 {[%clk 0:13:12]} Nxe5 {[%clk 0:13:34]} 14. dxe5
{[%clk 0:13:15]} c6 {[%clk 0:13:39]} 15. Ba3 {[%clk 0:11:32]} Nd7
{[%clk 0:13:14]} 16. Qc3 {[%clk 0:10:44]} Bxa3 {[%clk 0:12:11]} 17. Rxa3
{[%clk 0:10:48]} Qe7 {[%clk 0:11:54]} 18. Rfa1 {[%clk 0:08:51]} Qc5
{[%clk 0:10:39]} 19. e3 {[%clk 0:06:06]} Rab8 {[%clk 0:08:51]} 20. Nb3
{[%clk 0:04:19]} Qxc4 {[%clk 0:08:22]} 21. Qxc4 {[%clk 0:01:36]} Bxc4
{[%clk 0:08:16]} 22. Nxa5 {[%clk 0:01:45]} Nxe5 {[%clk 0:08:22]} 23. f4
{[%clk 0:01:54]} Ra8 {[%clk 0:08:29]} 24. Nb7 {[%clk 0:01:45]} Nd7
{[%clk 0:08:24]} 25. Bf1 {[%clk 0:00:23]} Bxf1 {[%clk 0:08:18]} 26. Kxf1
{[%clk 0:00:25]} Ra6 {[%clk 0:08:25]} 27. Rb3 {[%clk 0:00:18]} Rfa8
{[%clk 0:08:13]} 28. Rab1 {[%clk 0:00:13]} Kf8 {[%clk 0:08:01]} 29. a5
{[%clk 0:00:18]} Ke7 {[%clk 0:08:09]} 30. Ke2 {[%clk 0:00:24]} R6a7
{[%clk 0:07:43]} 31. Kf3 {[%clk 0:00:26]} e5 {[%clk 0:07:45]} 32. e4
{[%clk 0:00:25]} f6 {[%clk 0:07:23]} 33. exd5 {[%clk 0:00:28]} cxd5
{[%clk 0:07:32]} 34. Rb5 {[%clk 0:00:36]} Ke6 {[%clk 0:07:05]} 35. f5+
{[%clk 0:00:40]} Kxf5 {[%clk 0:06:57]} 36. Rxd5 {[%clk 0:00:49]} Ke6
{[%clk 0:07:06]} 37. Rd6+ {[%clk 0:00:44]} Ke7 {[%clk 0:07:12]} 38. Rc6
{[%clk 0:00:53]} Rxa5 {[%clk 0:06:47]} 39. Nxa5 {[%clk 0:00:54]} Rxa5
{[%clk 0:06:57]} 40. Rb7 {[%clk 0:00:28]} Ra3+ {[%clk 0:06:29]} 41. Ke2
{[%clk 0:00:19]} Ra4 {[%clk 0:06:37]} 42. Ke3 {[%clk 0:00:15]} Rd4
{[%clk 0:06:40]} 43. Ra6 {[%clk 0:00:11]} h5 {[%clk 0:06:30]} 44. h3
{[%clk 0:00:17]} g5 {[%clk 0:05:48]} 45. Kf3 {[%clk 0:00:13]} h4 {[%clk 0:05:22]}
46. g4 {[%clk 0:00:21]} Rf4+ {[%clk 0:03:53]} 47. Ke3 {[%clk 0:00:27]} Rd4
{[%clk 0:03:58]} 48. Kf3 {[%clk 0:00:25]} Rf4+ {[%clk 0:03:51]} 49. Ke3
{[%clk 0:00:33]} Rd4 {[%clk 0:04:00]} 50. Kf3 {[%clk 0:00:16]} Rf4+
{[%clk 0:04:08]} 51. Ke4 1/2-1/2

[Event "Russian Rapid Team Championship (w)"]
[Site "Sochi"]
[Date "2022.10.19"]
[Round "9.8"]
[White "Kovanova, Baira"]
[Black "Nasyrova, Ekaterina"]
[Result "1-0"]
[BlackElo "2157"]
[WhiteElo "2231"]
[LiveChessVersion "1.4.8"]

1. e4 {[%clk 0:15:19]} e5 {[%clk 0:15:19]} 2. Nf3 {[%clk 0:15:27]} Nc6
{[%clk 0:15:27]} 3. Bb5 {[%clk 0:15:35]} Nf6 {[%clk 0:15:36]} 4. d3
{[%clk 0:15:40]} Bc5 {[%clk 0:15:44]} 5. Bxc6 {[%clk 0:15:48]} dxc6
{[%clk 0:15:49]} 6. Nbd2 {[%clk 0:15:54]} Bg4 {[%clk 0:15:40]} 7. h3
{[%clk 0:15:31]} Bh5 {[%clk 0:15:30]} 8. Nf1 {[%clk 0:14:58]} Nd7
{[%clk 0:15:21]} 9. Ng3 {[%clk 0:13:53]} Bg6 {[%clk 0:15:26]} 10. Be3
{[%clk 0:13:11]} Qe7 {[%clk 0:14:41]} 11. Qd2 {[%clk 0:11:32]} O-O-O
{[%clk 0:14:10]} 12. O-O {[%clk 0:11:35]} h5 {[%clk 0:13:15]} 13. c3
{[%clk 0:10:21]} f6 {[%clk 0:10:22]} 14. b4 {[%clk 0:08:36]} Bxe3
{[%clk 0:10:05]} 15. Qxe3 {[%clk 0:08:03]} Kb8 {[%clk 0:10:05]} 16. d4
{[%clk 0:08:11]} exd4 {[%clk 0:08:00]} 17. Nxd4 {[%clk 0:07:31]} h4
{[%clk 0:07:03]} 18. Ngf5 {[%clk 0:07:20]} Bxf5 {[%clk 0:07:11]} 19. Nxf5
{[%clk 0:07:26]} Qf7 {[%clk 0:07:18]} 20. a4 {[%clk 0:06:23]} g6 {[%clk 0:06:40]}
21. Nd4 {[%clk 0:06:30]} Ne5 {[%clk 0:06:34]} 22. f4 {[%clk 0:05:38]} Nc4
{[%clk 0:06:30]} 23. Qf2 {[%clk 0:05:47]} Qe7 {[%clk 0:05:17]} 24. Rae1
{[%clk 0:04:45]} g5 {[%clk 0:01:48]} 25. Qa2 {[%clk 0:03:36]} Nd6
{[%clk 0:01:38]} 26. e5 {[%clk 0:03:15]} Nc8 {[%clk 0:01:20]} 27. e6
{[%clk 0:02:01]} gxf4 {[%clk 0:01:15]} 28. Rxf4 {[%clk 0:01:55]} Nd6
{[%clk 0:00:55]} 29. Qf2 {[%clk 0:02:03]} f5 {[%clk 0:00:15]} 30. Nxf5
{[%clk 0:01:59]} Nxf5 {[%clk 0:00:24]} 31. Rxf5 {[%clk 0:02:08]} Rhe8
{[%clk 0:00:19]} 32. Rf7 {[%clk 0:01:36]} Qg5 {[%clk 0:00:24]} 33. e7
{[%clk 0:01:19]} Rc8 {[%clk 0:00:32]} 34. Qf4 {[%clk 0:00:52]} Qg6
{[%clk 0:00:23]} 35. Rf8 {[%clk 0:00:54]} Qg7 {[%clk 0:00:31]} 36. Rxe8
{[%clk 0:00:41]} Rxe8 {[%clk 0:00:39]} 37. Qe3 {[%clk 0:00:43]} a6
{[%clk 0:00:23]} 38. Qe5 {[%clk 0:00:48]} Qg6 {[%clk 0:00:23]} 39. Rd1
{[%clk 0:00:53]} Kc8 {[%clk 0:00:14]} 40. Qd4 {[%clk 0:00:50]} b6
{[%clk 0:00:20]} 41. Qd7+ {[%clk 0:00:46]} Kb7 {[%clk 0:00:28]} 42. b5
{[%clk 0:00:37]} axb5 {[%clk 0:00:32]} 43. axb5 {[%clk 0:00:46]} cxb5
{[%clk 0:00:40]} 44. Qxb5 {[%clk 0:00:28]} Qc6 {[%clk 0:00:36]} 45. Qe5
{[%clk 0:00:27]} Qc5+ {[%clk 0:00:18]} 46. Qxc5 {[%clk 0:00:35]} bxc5
{[%clk 0:00:27]} 47. Re1 {[%clk 0:00:43]} Kc6 {[%clk 0:00:36]} 48. Kf2
{[%clk 0:00:33]} Kd5 {[%clk 0:00:44]} 49. Kf3 {[%clk 0:00:38]} Kc4
{[%clk 0:00:49]} 50. Re3 {[%clk 0:00:47]} 1-0

[Event "Russian Rapid Team Championship (w)"]
[Site "Sochi"]
[Date "2022.10.19"]
[Round "9.9"]
[White "Vanishvili, Mari"]
[Black "Voit, Daria"]
[Result "1/2-1/2"]
[BlackElo "2297"]
[WhiteElo "1892"]
[LiveChessVersion "1.4.8"]

1. e4 {[%clk 0:15:17]} c6 {[%clk 0:15:19]} 2. Nc3 {[%clk 0:14:50]} d5
{[%clk 0:15:22]} 3. Qf3 {[%clk 0:13:46]} d4 {[%clk 0:14:34]} 4. Bc4
{[%clk 0:13:53]} e6 {[%clk 0:13:59]} 5. Nce2 {[%clk 0:13:57]} b5 {[%clk 0:14:08]}
6. Bb3 {[%clk 0:13:54]} Bb7 {[%clk 0:13:32]} 7. d3 {[%clk 0:13:50]} c5
{[%clk 0:13:39]} 8. Qg3 {[%clk 0:13:54]} Nc6 {[%clk 0:13:29]} 9. a3
{[%clk 0:12:20]} Nf6 {[%clk 0:13:28]} 10. f4 {[%clk 0:09:58]} c4 {[%clk 0:13:24]}
11. Ba2 {[%clk 0:09:46]} cxd3 {[%clk 0:13:31]} 12. Qxd3 {[%clk 0:08:55]} b4
{[%clk 0:11:15]} 13. Nf3 {[%clk 0:05:23]} bxa3 {[%clk 0:11:09]} 14. bxa3
{[%clk 0:04:45]} Qa5+ {[%clk 0:11:00]} 15. Bd2 {[%clk 0:03:22]} Qxa3
{[%clk 0:10:53]} 16. Qxa3 {[%clk 0:02:55]} Bxa3 {[%clk 0:11:00]} 17. e5
{[%clk 0:02:53]} Ne4 {[%clk 0:10:34]} 18. Bxe6 {[%clk 0:02:09]} Nxd2
{[%clk 0:09:59]} 19. Nxd2 {[%clk 0:02:00]} Bb4 {[%clk 0:09:53]} 20. Bd5
{[%clk 0:01:58]} a5 {[%clk 0:09:47]} 21. Kd1 {[%clk 0:01:27]} O-O-O
{[%clk 0:08:55]} 22. Bc4 {[%clk 0:01:03]} Ne7 {[%clk 0:08:55]} 23. Nb3
{[%clk 0:00:57]} Nf5 {[%clk 0:08:56]} 24. Kc1 {[%clk 0:00:43]} Bxg2
{[%clk 0:08:30]} 25. Rg1 {[%clk 0:00:52]} Bd5 {[%clk 0:08:26]} 26. Nxa5
{[%clk 0:00:51]} Kc7 {[%clk 0:08:30]} 27. Bxd5 {[%clk 0:00:54]} Rxd5
{[%clk 0:08:34]} 28. Nb3 {[%clk 0:01:01]} Rb8 {[%clk 0:08:25]} 29. Ra7+
{[%clk 0:01:00]} Rb7 {[%clk 0:08:34]} 30. Rxb7+ {[%clk 0:01:06]} Kxb7
{[%clk 0:08:43]} 31. Rd1 {[%clk 0:01:09]} g5 {[%clk 0:07:08]} 32. Nexd4
{[%clk 0:00:42]} Ne3 {[%clk 0:06:51]} 33. Rg1 {[%clk 0:00:34]} gxf4
{[%clk 0:04:49]} 34. Rg7 {[%clk 0:00:40]} Rxe5 {[%clk 0:04:44]} 35. Rxf7+
{[%clk 0:00:47]} Kc8 {[%clk 0:03:55]} 36. Rxf4 {[%clk 0:00:39]} Rg5
{[%clk 0:03:07]} 37. Ne2 {[%clk 0:00:21]} Ba3+ {[%clk 0:02:49]} 38. Kd2
{[%clk 0:00:29]} Nd5 {[%clk 0:02:51]} 39. Rf7 {[%clk 0:00:26]} 1/2-1/2

[Event "Russian Rapid Team Championship (w)"]
[Site "Sochi"]
[Date "2022.10.19"]
[Round "9.10"]
[White "Kovalevskaya, Ekaterina"]
[Black "Nasybullina, Dayana"]
[Result "1-0"]
[BlackElo "1813"]
[WhiteElo "2257"]
[LiveChessVersion "1.4.8"]

1. Nf3 {[%clk 0:15:17]} d6 {[%clk 0:15:16]} 2. d4 {[%clk 0:15:24]} Bg4
{[%clk 0:15:20]} 3. e4 {[%clk 0:15:02]} Nd7 {[%clk 0:13:47]} 4. Be2
{[%clk 0:14:38]} c6 {[%clk 0:12:42]} 5. O-O {[%clk 0:14:39]} e5 {[%clk 0:11:02]}
6. Be3 {[%clk 0:11:57]} Ngf6 {[%clk 0:11:05]} 7. Nbd2 {[%clk 0:12:05]} Be7
{[%clk 0:10:58]} 8. Nh4 {[%clk 0:10:17]} Bxe2 {[%clk 0:10:21]} 9. Qxe2
{[%clk 0:10:25]} O-O {[%clk 0:09:07]} 10. Nf5 {[%clk 0:10:13]} Re8
{[%clk 0:08:27]} 11. Rad1 {[%clk 0:08:19]} Bf8 {[%clk 0:08:02]} 12. dxe5
{[%clk 0:07:51]} dxe5 {[%clk 0:07:33]} 13. Nc4 {[%clk 0:06:59]} Qc7
{[%clk 0:05:59]} 14. Qf3 {[%clk 0:05:06]} b5 {[%clk 0:05:03]} 15. Nd2
{[%clk 0:04:59]} Nc5 {[%clk 0:03:54]} 16. Bxc5 {[%clk 0:02:49]} Bxc5
{[%clk 0:04:01]} 17. c4 {[%clk 0:02:58]} Rad8 {[%clk 0:03:34]} 18. a3
{[%clk 0:01:46]} g6 {[%clk 0:03:07]} 19. Ne3 {[%clk 0:01:39]} Kg7
{[%clk 0:01:43]} 20. cxb5 {[%clk 0:01:16]} cxb5 {[%clk 0:01:51]} 21. Nd5
{[%clk 0:00:56]} Nxd5 {[%clk 0:01:37]} 22. exd5 {[%clk 0:01:05]} Bd4
{[%clk 0:01:08]} 23. Ne4 {[%clk 0:00:49]} Qb6 {[%clk 0:00:43]} 24. Rc1
{[%clk 0:00:40]} Rxd5 {[%clk 0:00:30]} 25. Nf6 {[%clk 0:00:41]} Qxf6
{[%clk 0:00:20]} 26. Qxd5 {[%clk 0:00:49]} Bxb2 {[%clk 0:00:28]} 27. Rc6
{[%clk 0:00:54]} Qf5 {[%clk 0:00:15]} 28. Qxb5 {[%clk 0:00:59]} Bxa3
{[%clk 0:00:16]} 29. Ra6 {[%clk 0:00:51]} 1-0

[Event "Russian Rapid Team Championship (w)"]
[Site "Sochi"]
[Date "2022.10.19"]
[Round "9.11"]
[White "Shnayder, Violetta"]
[Black "Bivol, Alina"]
[Result "1-0"]
[BlackElo "2264"]
[WhiteElo "1869"]
[LiveChessVersion "1.4.8"]

1. Nf3 {[%clk 0:15:18]} g6 {[%clk 0:13:55]} 2. c4 {[%clk 0:14:39]} Bg7 3. Nc3
{[%clk 0:14:42]} c5 {[%clk 0:13:30]} 4. g3 {[%clk 0:14:40]} Nc6 {[%clk 0:13:31]}
5. Bg2 {[%clk 0:14:49]} e5 {[%clk 0:13:22]} 6. d3 {[%clk 0:12:23]} Nge7
{[%clk 0:13:19]} 7. O-O {[%clk 0:12:22]} O-O {[%clk 0:12:58]} 8. Ne1
{[%clk 0:12:01]} d6 {[%clk 0:13:02]} 9. Nc2 {[%clk 0:11:54]} Rb8 {[%clk 0:12:00]}
10. Rb1 {[%clk 0:11:34]} a6 {[%clk 0:11:56]} 11. a3 {[%clk 0:11:11]} b5
{[%clk 0:11:59]} 12. cxb5 {[%clk 0:11:07]} axb5 {[%clk 0:12:08]} 13. b4
{[%clk 0:11:12]} cxb4 {[%clk 0:11:38]} 14. Nxb4 {[%clk 0:10:52]} Nd4
{[%clk 0:10:32]} 15. e3 {[%clk 0:09:55]} Ne6 {[%clk 0:10:41]} 16. Nbd5
{[%clk 0:07:22]} Nxd5 {[%clk 0:10:33]} 17. Nxd5 {[%clk 0:07:18]} Bd7
{[%clk 0:10:30]} 18. Bd2 {[%clk 0:07:07]} Nc7 {[%clk 0:09:52]} 19. Ba5
{[%clk 0:06:49]} Nxd5 {[%clk 0:08:49]} 20. Bxd8 {[%clk 0:06:56]} Nc3
{[%clk 0:08:58]} 21. Qb3 {[%clk 0:06:33]} Nxb1 {[%clk 0:09:01]} 22. Bc7
{[%clk 0:04:45]} Nd2 {[%clk 0:09:01]} 23. Qb4 {[%clk 0:04:48]} Nxf1
{[%clk 0:07:45]} 24. Bxb8 {[%clk 0:04:53]} Rxb8 {[%clk 0:04:57]} 25. Qxd6
{[%clk 0:05:01]} Rf8 {[%clk 0:05:06]} 26. Qxd7 {[%clk 0:05:04]} Nd2
{[%clk 0:05:15]} 27. Bd5 {[%clk 0:05:08]} e4 {[%clk 0:05:03]} 28. d4
{[%clk 0:04:13]} Nc4 {[%clk 0:05:02]} 29. Qxb5 {[%clk 0:04:12]} Nxa3
{[%clk 0:04:54]} 30. Qb3 {[%clk 0:04:03]} Rd8 {[%clk 0:04:39]} 31. Qxa3
{[%clk 0:03:57]} 1-0

[Event "Russian Rapid Team Championship (w)"]
[Site "Sochi"]
[Date "2022.10.19"]
[Round "9.12"]
[White "Borisova, Ekaterina"]
[Black "Filippova, Darya"]
[Result "1-0"]
[BlackElo "1935"]
[WhiteElo "2150"]
[LiveChessVersion "1.4.8"]

1. Nf3 {[%clk 0:15:16]} d5 {[%clk 0:15:19]} 2. g3 {[%clk 0:15:25]} c5
{[%clk 0:15:15]} 3. Bg2 {[%clk 0:15:34]} Nc6 {[%clk 0:15:15]} 4. d4
{[%clk 0:15:43]} Nf6 {[%clk 0:15:05]} 5. O-O {[%clk 0:15:50]} Bf5
{[%clk 0:14:55]} 6. c4 {[%clk 0:14:47]} dxc4 {[%clk 0:14:18]} 7. Qa4
{[%clk 0:14:35]} Rc8 {[%clk 0:12:54]} 8. dxc5 {[%clk 0:14:18]} e6
{[%clk 0:11:30]} 9. Qxc4 {[%clk 0:13:06]} Qd5 {[%clk 0:10:51]} 10. Qxd5
{[%clk 0:12:51]} exd5 {[%clk 0:10:58]} 11. Be3 {[%clk 0:12:17]} Nb4
{[%clk 0:10:42]} 12. Nd4 {[%clk 0:11:26]} Bxb1 {[%clk 0:10:39]} 13. Raxb1
{[%clk 0:11:34]} Bxc5 {[%clk 0:10:41]} 14. a3 {[%clk 0:10:40]} Nc6
{[%clk 0:10:21]} 15. Bh3 {[%clk 0:10:02]} Nxd4 {[%clk 0:09:04]} 16. Bxc8
{[%clk 0:09:54]} Nxe2+ {[%clk 0:08:43]} 17. Kg2 {[%clk 0:10:02]} d4
{[%clk 0:08:24]} 18. Bd2 {[%clk 0:09:59]} Ne4 {[%clk 0:07:39]} 19. Rbd1
{[%clk 0:09:13]} O-O {[%clk 0:06:53]} 20. Bxb7 {[%clk 0:09:15]} f5
{[%clk 0:06:36]} 21. Ba6 {[%clk 0:09:18]} d3 {[%clk 0:06:31]} 22. Bxd3
{[%clk 0:09:19]} Nd4 {[%clk 0:06:35]} 23. Be3 {[%clk 0:09:15]} Ne6
{[%clk 0:05:42]} 24. Bc4 {[%clk 0:09:11]} Kf7 {[%clk 0:05:41]} 25. Bxc5
{[%clk 0:08:55]} N4xc5 {[%clk 0:05:48]} 26. b4 {[%clk 0:09:03]} Ne4
{[%clk 0:05:45]} 27. f3 {[%clk 0:08:59]} N4g5 {[%clk 0:05:18]} 28. h4
{[%clk 0:08:48]} Rc8 {[%clk 0:05:24]} 29. Rc1 {[%clk 0:08:51]} 1-0